000 00254nam a22001217a 4500
008 170329b xxu||||| |||| 00| 0 eng d
041 _aalb
080 _a616-053.2
100 _a8
101 _aSHM
245 _aPEDIATRIA
_cBEBECI, D
942 _2udc
_cBK
999 _c8946
_d8946